Pilote sur un podium MotoGP depuis 2010 - Statistiques

Statistiques générales
  • Ce quiz a été pris 325 fois
    39 depuis la dernière actualisation
  • Le résultat moyen est 30 sur 40
Statistiques - réponses
Podium Pilote Pays % Correct
15 Alex Marquez Espagne
100%
32 Fabio Quartararo France
100%
23 Jack Miller Australie
100%
23 Johann Zarco France
100%
126 Marc Marquez Espagne
100%
199 Valentino Rossi Italie
100%
11 Brad Binder Afrique du Sud
97%
59 Francesco Bagnaia Italie
97%
114 Jorge Lorenzo Espagne
97%
112 Dani Pedrosa Espagne
94%
18 Alex Rins Espagne
90%
62 Andrea Dovizioso Italie
90%
69 Casey Stoner Australie
90%
14 Joan Mir Espagne
90%
29 Jorge Martin Espagne
90%
8 Pedro Acosta Espagne
90%
7 Miguel Oliveira Portugal
87%
11 Aleix Espargaro Espagne
84%
8 Pol Espargaro Espagne
84%
8 Franco Morbidelli Italie
81%
16 Marco Bezzecchi Italie
81%
35 Maverick Vinales Espagne
81%
19 Enea Bastianini Italie
77%
3 Fermin Aldeguer Espagne
77%
5 Fabio Di Giannantonio Italie
74%
28 Nicky Hayden États-Unis
74%
2 Luca Marini Italie
71%
1 Raul Fernandez Espagne
71%
11 Andrea Iannone Italie
65%
19 Cal Crutchlow Royaume-Uni
65%
10 Danilo Petrucci Italie
65%
1 Katsuyuki Nakasuga Japon
58%
1 Stefan Bradl Allemagne
58%
6 Ben Spies États-Unis
48%
1 Jonas Folger Allemagne
45%
3 Alvaro Bautista Espagne
35%
12 Colin Edwards États-Unis
29%
2 Bradley Smith Royaume-Uni
26%
2 Marco Simoncelli Italie
26%
2 Scott Redding Royaume-Uni
26%
Aucun quiz correspondant
Distribution des résultats
% des personnes avec chaque résultat
Percentile par nombre de réponses
Votre historique - résultats
Vous n’avez pas pris ce quiz depuis la dernière actualisation